| 000 | 00995nam0a22002411 4500 | ||
|---|---|---|---|
| 001 | rc\2779156 | ||
| 005 | 20250806205309.0 | ||
| 035 | _a(NLR Aleph) 006905406 | ||
| 090 |
_a32326 _c32326 |
||
| 100 | _a20110915d1942 u y0rusy50 ca | ||
| 101 | 0 | _arus | |
| 102 | _aRU | ||
| 105 | _ay z ||||| | ||
| 200 | 1 |
_aИнструкция по проведению государственного геологического контроля _eУтв. Ком. по делам геологии при СНК СССР 10/III 1942 г. _fКом-т по делам геологии при Совнаркоме СССР. Всесоюз. комис. по запасам полез. ископаемых |
|
| 210 |
_aМосква _cГосгеолиздат _d1942 |
||
| 215 |
_a30 с. _d17 см. |
||
| 801 | 0 |
_aRU _bNLR _gpsbo |
|
| 801 | 1 |
_aRU _bELAR _2rusmarc |
|
| 852 |
_aNLR _j79-2/1091 |
||
| 942 | _cBOOK | ||
| 945 | _aРоссийская национальная библиотека | ||
| 980 | _aNB | ||
| 980 | _aBV | ||